00625nam a2200181Ia 4500952012600000999001300126003000400139005001700143008004100160040000900201082001500210100002800225245008200253260005300335300000800388650001100396942003600407 00102ddc40708ISLAMaMESbMEScISLd2019-02-20g3.00l0o297 MAR/Qp17295r2019-02-20 00:00:00w2019-02-20yBKzGL49R1 c436d436OSt20201228100351.0190216s9999||||xx |||||||||||||| ||und|| coclc a297bMAR/Q aMarakar, P Saeed 97881 0aQuran Nirodhicha Bakshana Padharthangal Sasthra Drishtiyil /cP Saeed Marakar bInstitute Of Fundamental Press,c1987.aCalicut: a34p aArabic cBK2ddch297iMAR/Qk297mMAR/Q